000 00232nam a2200109Ia 4500
999 _c6470
_d6470
020 _a 978-0321181053
100 _aConnolly, Begg
245 0 _aDatabase Systems
260 _aIndia
_b McGraw Hill
_c2002
300 _a1236
942 _cBK